000 00635nam a2200241Ia 4500
003 OSt
005 20220924123339.0
006 a|||||r|||| 00| 0
007 ta
008 220923b |||||||| |||| 00| 0 hin d
024 _a139558
037 _cTextual
040 _aARTS
_cARTS
_bhin
041 _2hin
_ahin
082 _aY1:1.2, 152J3
100 _aShastri Gopal
_9192497
245 0 _aBharatiya sanskriti prayar
_b Hindi sahitya Sammelan
260 _aNA
_bNA
_c1953
300 _a132
_ccm.
650 _aSOCIOLOGY
942 _hY1:1.2, 152J3
_cTEXL
_2CC
999 _c415369
_d415369